|
|
|
|
| LEADER |
00674nab a2200193 i 4500 |
| 001 |
publ13379 |
| 005 |
20220607105753.0 |
| 008 |
180517s2016 hu o 0|| magyar d |
| 022 |
|
|
|a 0025-0163
|
| 024 |
7 |
|
|a 3078666
|2 mtmt
|
| 040 |
|
|
|a SZTE Publicatio Repozitórium
|b hun
|
| 041 |
|
|
|a magyar
|
| 100 |
1 |
|
|a Szőllősi György
|
| 245 |
1 |
0 |
|a Enantioszelektív hidrogénezések módosított fémkatalizátorokon
|h [elektronikus dokumentum] /
|c Szőllősi György
|
| 260 |
|
|
|c 2016
|
| 300 |
|
|
|a 178-181
|
| 490 |
0 |
|
|a MAGYAR KÉMIKUSOK LAPJA
|v 71 No. 6
|
| 700 |
0 |
1 |
|a Bartók Mihály
|e aut
|
| 856 |
4 |
0 |
|u http://publicatio.bibl.u-szeged.hu/13379/1/MagyKemLapja712016178_u.pdf
|z Dokumentum-elérés
|